Country Names Without Vowels #5 - Statistics

General Stats
  • This quiz has been taken 43 times
  • The average score is 14 of 15
Answer Stats
Without Vowels With Vowels % Correct
Brzl Brazil
100%
L Slvdr El Salvador
100%
Frnc France
100%
Irq Iraq
100%
Npl Nepal
100%
Zmbbw Zimbabwe
100%
Blrs Belarus
98%
Sngl Senegal
98%
Slvn Slovenia
98%
Sth Sdn South Sudan
98%
Bhrn Bahrain
93%
Brkn Fs Burkina Faso
93%
Gbn Gabon
93%
Sm Samoa
73%
Mrtn Mauritania
63%
No matching quizzes found
Score Distribution
Percent of People with Each Score
Percentile by Number Answered
Your Score History
You have not taken this quiz